Đầu tư chứng khoán theo chỉ số The little book of common sense investing, updated and revised: The only way to guarantee your fair share of stock market returns

Cung cấp kiến thức về quỹ chỉ số; lý giải tại sao đầu tư dài hạn lại có lợi hơn đầu tư ngắn hạn; giá trị của đa dạng hoá; vai trò quan trọng của chi phí đầu tư; đề cập đến sự nguy hiểm của việc dựa vào hiệu suất quá khứ của của quỹ...

Descripción completa

Guardado en:
Detalles Bibliográficos
Autor principal: Bogle, John C
Otros Autores: Mai
Formato: Libro
Lenguaje:Undetermined
Publicado: H. Công Thương ; Công ty Sách Thái Hà 2019
Materias:
Acceso en línea:http://lrc.tdmu.edu.vn/opac/search/detail.asp?aID=2&ID=40632
Etiquetas: Agregar Etiqueta
Sin Etiquetas, Sea el primero en etiquetar este registro!
Thư viện lưu trữ: Trung tâm Học liệu Trường Đại học Thủ Dầu Một
LEADER 01440nam a2200229Ia 4500
001 TDMU_40632
008 210410s9999 xx 000 0 und d
082 |a 781.62009597 
090 |b B427 
100 |a Bogle, John C 
245 0 |a Đầu tư chứng khoán theo chỉ số 
245 4 |b The little book of common sense investing, updated and revised: The only way to guarantee your fair share of stock market returns 
245 0 |c John C. Bogle; Mai dịch 
260 |a H. 
260 |b Công Thương ; Công ty Sách Thái Hà 
260 |c 2019 
300 |a 337tr. 
520 |a Cung cấp kiến thức về quỹ chỉ số; lý giải tại sao đầu tư dài hạn lại có lợi hơn đầu tư ngắn hạn; giá trị của đa dạng hoá; vai trò quan trọng của chi phí đầu tư; đề cập đến sự nguy hiểm của việc dựa vào hiệu suất quá khứ của của quỹ mà bỏ qua nguyên tắc đảo ngược về giá trị trung bình trong đầu tư; giải thích cách thức hoạt động của thị trường tài chính 
650 |a Thị trường tài chính  |x Đầu tư chứng khoán  |x Quỹ tương hỗ 
700 |a Mai 
856 |u http://lrc.tdmu.edu.vn/opac/search/detail.asp?aID=2&ID=40632 
980 |a Trung tâm Học liệu Trường Đại học Thủ Dầu Một